Movies Quiz

Random Movies or Oscar Quiz

Oscar by actors Quiz Stats

 Plays Quiz not verified by Sporcle

Challenge
Share
Tweet
Embed
Score 0/82 Timer 15:00
0 Plays Today
Actors and actresses movie % Correct
Nicholson, FletcherOne flew over the cuckoos nest
90%
Swank, FreemanMillion dollar baby
90%
Brando, PacinoThe Godfather
88.9%
Spacey, BeningAmerican Beauty
88.9%
Allen, KeatonAnnie Hall
87.8%
Crowe, PhoenixGladiator
87.8%
Hoffman, CruiseRain man
86.7%
Costner, GreeneDances with wolves
84.4%
Zelweger,Zeta-JonesChicago
84.4%
DiCaprio, DamonThe Departed
84.4%
Hanks, FieldForrest Gump
83.3%
Gibson, MarceauBraveheart
83.3%
Paltrow, RushShakespeare in Love
83.3%
Abraham, HulceAmadeus
82.2%
Hopkins, LevineSilence of the Lambs
82.2%
Poitier, SteigerIn the heat of the night
81.1%
Winslet, BatesTitanic
81.1%
Newman, RedfordThe Sting
80%
Tandy, AykroydDriving miss daisy
80%
Andrews, PlummerSound of Music
78.9%
Fiennes, ThomasThe English patient
78.9%
Kingsley, SheenGandhi
77.8%
Crowe, HarrisA beautiful mind
76.7%
Hackman, ReyFrench Connection
75.6%
Pacino, KeatonGodfather part 2
75.6%
Redford, StreepOut of Africa
75.6%
Sheen, BaringerPlatoon
75.6%
Kingsley, NeesonSchindler's list
75.6%
Actors and actresses movie % Correct
Renner, MackieThe Hurt Locker
75.6%
Streep, HenryKramer vs Kramer
74.4%
Hackman, Freeman Unforgiven
74.4%
Patel, PintoSlumdog Millionaire
74.4%
Shire, MeredithRocky
73.3%
DeNiro, StreepDeer Hunter
73.3%
Howard, Mitchell, DeHavilandGone with the wind
72.2%
Scott, MaldenPatton
72.2%
Bullock, DillanCrash
72.2%
Bergman, LorreCasablanca
71.1%
Mortensen, WoodLord of the Rings-Return of the king
71.1%
Jones, BrolinNo Country for old men
71.1%
Gable, ColbertIt happened one night
70%
Olivier, SimmonsHamlet
70%
Lancaster, SinatraFrom Here to Eternity
68.9%
Redford, HuttonOrdinary People
68.9%
Sharif, GuinnessLawrence of Arabia
67.8%
Voigt, VaccaroMidnight Cowboy
67.8%
Borgnine, BlairMarty
64.4%
Maclaine, LithgowTerms of Endearment
64.4%
Saint, MaldenOn the Waterfront
63.3%
Wood, BeymerWest Side Story
63.3%
Mcmurray, MaclaineThe Apartment
61.1%
Crosby, FitzgeraldGoing my way
56.7%
Kelly, CaronAn American in Paris
56.7%
Chevalier, JourdanGigi
56.7%
March, RussellBest Years of our lives
55.6%
Miland, WymanLost Weekend
55.6%
Actors and actresses movie % Correct
Lester, WildOliver
55.6%
Schofield, WellesA man for all seasons
54.4%
Holden, HayakawaBridge on the river kwai
53.3%
Hepburn, HollowayMy Fair Lady
52.2%
Bow, CooperWings
51.1%
Wright, PidgeonMrs Miniver
51.1%
Finney, YorkTom Jones
51.1%
Holm, GielgudChariots of fire
51.1%
Monroe, SandersAll about Eve
50%
Lone, O'TooleLast emperor
50%
Laughton, ToneMutiny on the Bounty
48.9%
Olivier, AndersonRebecca
48.9%
Crawford, McCambridgeAll the King's men
48.9%
Crisp, McDowellHow green was my valley
47.8%
Ayres, WoldheimAll Quiet on the Western Front
46.7%
Cantinflas, MaclaineAround the world in 80 days
45.6%
Peck, GarfieldGentleman's Agreement
44.4%
Heston, StewartGreatest show on Earth
43.3%
Boyd, GriffithBen Hur
43.3%
Muni,SchildkrautLife of Emile Zola
42.2%
Dix, DunneCimarron
41.1%
Barrymore, Barrymore, BeeryGrand Hotel
40%
Wynard, BrookCavalcade
38.9%
Barrymore, Stewart, ArnoldYou can't take it with you
37.8%
King, LoveBroadway Melody
37.8%
Powell, LoyThe Great Ziegfeld
36.7%

You're not logged in!

Compare scores with friends on all Sporcle quizzes.
OR
Log In

You Might Also Like...

Show Comments

Extras

Top Quizzes Today


Score Distribution

Your Account Isn't Verified!

In order to create a playlist on Sporcle, you need to verify the email address you used during registration. Go to your Sporcle Settings to finish the process.

Report this User

Report this user for behavior that violates our Community Guidelines.

Details: